Normal view
MARC view
Entry Topical Term
001 - CONTROL NUMBER
- control field: 49018
003 - CONTROL NUMBER IDENTIFIER
- control field: ARRUPE
005 - DATE AND TIME OF LATEST TRANSACTION
- control field: 20200122101453.0
008 - FIXED-LENGTH DATA ELEMENTS
- fixed length control field: 200122|| aca||aabn | a|a d
040 ## - CATALOGING SOURCE
- Original cataloging agency: ARRUPE
- Transcribing agency: ARRUPE
150 ## - HEADING--TOPICAL TERM
- Topical term or geographic name as entry element: Country life
- Geographic subdivision: England
- Geographic subdivision: Warwickshire.
670 ## - SOURCE DATA FOUND
- Source citation: Work cat.: (ARRUPE)0: Holden, Edith, 1871-1920. 49015, The country diary of an Edwardian lady :, 1977.